000 00471nam a2200169Ia 4500
005 20250508155221.0
008 008 250505s9999 xx 000 0 eng d
037 _aTextual
040 _aFEDL
_beng
_cFEDL
041 _aeng
_2eng
084 _a681.11, NCE
_qFEDL
245 0 _aHow to find your bearings
245 0 _cNational Council of Educational Research and Training
300 _a25p.
942 _cTEXL
_h681.11, NCE
999 _c1355288
_d1355288